Public relations writing : (Record no. 132301)

MARC details
000 -LEADER
fixed length control field 00784nam a22002537a 4500
005 - DATE AND TIME OF LATEST TRANSACTION
control field 20170124110152.0
010 ## - LIBRARY OF CONGRESS CONTROL NUMBER
LC control number B-167037
020 ## - INTERNATIONAL STANDARD BOOK NUMBER
Terms of availability 00.00
International Standard Book Number 8178295369
035 ## - SYSTEM CONTROL NUMBER
System control number B-167037
037 ## - SOURCE OF ACQUISITION
Source of stock number/acquisition Cen Lib/Ret
040 ## - CATALOGING SOURCE
Original cataloging agency DPL
Language of cataloging EN
082 ## - DEWEY DECIMAL CLASSIFICATION NUMBER
Classification number 659.2
Item number TRE
100 ## - MAIN ENTRY--PERSONAL NAME
Personal name Treadwell, Donald
9 (RLIN) 34267
245 ## - TITLE STATEMENT
Title Public relations writing :
Statement of responsibility, etc by Donald Treadwell [and] Jill B.Treadwell
Remainder of title principles in practice /
250 ## - EDITION STATEMENT
Edition statement 2nd ed
260 ## - PUBLICATION, DISTRIBUTION, ETC. (IMPRINT)
Place of publication, distribution, etc New Delhi
Name of publisher, distributor, etc Sage Publications
Date of publication, distribution, etc 2005
270 ## - ADDRESS
Address B-42, Panchsheel Enclave
City New Delhi
Postal code 110017
300 ## - PHYSICAL DESCRIPTION
Extent xxvi,517p.
Dimensions 24cm(Hb)
500 ## - GENERAL NOTE
General note Includes index
650 ## - SUBJECT ADDED ENTRY--TOPICAL TERM
Topical term or geographic name as entry element Public relations
9 (RLIN) 736
650 ## - SUBJECT ADDED ENTRY--TOPICAL TERM
Topical term or geographic name as entry element Business writing
9 (RLIN) 18649
700 ## - ADDED ENTRY--PERSONAL NAME
Personal name Treadwell, Jill B.
9 (RLIN) 34268
942 ## - ADDED ENTRY ELEMENTS (KOHA)
Source of classification or shelving scheme Dewey Decimal Classification
Koha item type English Books
Classification part 659.2
Call number suffix TRE
Holdings
Withdrawn status Lost status Damaged status Not for loan Home library Current library Date acquired Source of acquisition Cost, normal purchase price Total Checkouts Full call number Barcode Date last seen Copy number Cost, replacement price Price effective from Koha item type
        Central Library Central Library 22/07/2015 Cen Lib/Ret 0.00   659.2 TRE B-167037 22/07/2015 1 0.00 22/07/2015 English Books

© Delhi Public Library
Hit Counter
free hit counter